| 000 | 00607nam a22002057a 4500 | ||
|---|---|---|---|
| 003 | BUBTL | ||
| 008 | 140128b xxu||||| |||| 00| 0 eng d | ||
| 082 | _a657.42/H78c | ||
| 100 |
_931 _a Horngren, Charles T. |
||
| 245 |
_aCost accounting: _bA managerial emphasis _cby Charles T. Horngren, George Foster, Srikant M Datar |
||
| 250 | _a6th ed. | ||
| 260 |
_aNew Delhi _bPrentice Hall, _cc1988. |
||
| 300 | _a100p | ||
| 650 | 0 |
_951 _aCost Accounting |
|
| 700 |
_932 _aFoster, George |
||
| 700 |
_933 _aDatar, Srikant M. |
||
| 856 |
_k0 _l0 _yDownload |
||
| 942 |
_2ddc _cBK |
||
| 999 |
_c101 _d101 |
||